Historia empresarial en Amřica Latina temas, debates y problemas /

Detalles Bibliográficos
Autor principal: Lluch, Andrea
Otros Autores: Monsalve Zanatti, Martn̕, Bucheli, Marcelo
Formato: eBook
Lenguaje:español
Publicado: Bogot:̀ Universidad de Los Andes (Colombia), 2021
Materias:
Acceso en línea:Acceso restringido

MARC

LEADER 00000nam a22000007a 4500
005 20211007224835.0
007 cr|||| ||||
008 211007s2021 co |||||s|||| 00||0 spa d
020 |a 978-958-774-983-0 
035 |a 35228 
040 |a vLex 
090 |c 12517  |d 12517 
100 1 |a Lluch, Andrea 
245 1 0 |a Historia empresarial en Amřica Latina  |h [Recurso electrn̤ico] :  |b temas, debates y problemas /  |c Andrea Lluch, Martn̕ Monsalve Zanatti, Marcelo Bucheli 
256 |a Servicio en ln̕ea 
260 |a Bogot:̀  |b Universidad de Los Andes (Colombia),  |c 2021 
300 |a 1 recurso electrn̤ico 
506 1 |a Disponible solo en los productos indicados  |d vLex Global  |d vLex Global (Academic Edition, excluding Law Schools)  |d vLex Global (U.S. Academic Edition, Law Schools)  |d vLex Global (U.S. Academic Edition, excluding Law Schools)  |d vLex Global (Academic Edition, Law Schools) 
650 0 4 |a Derecho Mercantil y de la Empresa  |z Colombia 
700 1 |a Monsalve Zanatti, Martn̕ 
700 1 |a Bucheli, Marcelo 
740 0 |a vLex Libros (Servicio en ln̕ea) 
856 4 0 |u https://app.vlex.com/#/sources/35228  |z Acceso restringido 
942 |c BOOK 
999 0 |a Commercial and Company Law